000 00531nam a2200169Ia 4500
005 20250313114317.0
008 231217s9999 xx 000 0 und d
020 _a9788177589566
082 _a001.6424LIN BEC1;13
100 _aBeck, Michael. Bohme,Harald. Dziadzka,Mirko etc.
245 0 _aLinux kernel programming : algorithms and structures of version 2.4
250 _a3rd ed.
260 _c2002
_bPearson Education
_aNew Delhi
300 _axiv+471
650 _aLinux,kernel,programming,:,structures,2.4
942 _cAA
999 _c180477
_d180477